000
00327nam a22001457a 4500
008
210225b ||||| |||| 00| 0 eng d
020
_a
9781926751283
041
_a
eng
080
_2
4th
_a
336
082
_a
336
100
_a
56
101
_a
FIN
245
_a
Key aacounting principles workbook
_c
Joffe, N
942
_2
udc
_c
BK
999
_c
55185
_d
55185